|
|
|
|
| LEADER |
01258njm a2200421 a 4500 |
| 001 |
000158202 |
| 003 |
CZ BrMZK |
| 005 |
19950101143423.0 |
| 008 |
950101s1994 xr f cze d |
| 028 |
0 |
1 |
|a 0100
|b Happy Music
|
| 040 |
|
|
|a BOA001
|b cze
|
| 080 |
|
|
|a 784.4.03(086.7)
|2 MRF
|
| 100 |
1 |
|
|a Houda, Bobby,
|d 1945-2021
|7 jx20060727004
|4 prf
|
| 245 |
1 |
0 |
|a Wanderer
|h [zvukový záznam] /
|c Bobby Houda.
|
| 246 |
3 |
3 |
|a Street man
|
| 246 |
3 |
3 |
|a Wanderer
|
| 246 |
3 |
3 |
|a Wandering swallows
|
| 246 |
3 |
3 |
|a Woman
|
| 246 |
3 |
3 |
|a Boogie Childern
|
| 246 |
3 |
3 |
|a Good ol' USA
|
| 246 |
3 |
3 |
|a I feel so good
|
| 246 |
3 |
3 |
|a Life is fun
|
| 246 |
3 |
3 |
|a Nam in love
|
| 246 |
3 |
3 |
|a Nights in white satin
|
| 246 |
3 |
3 |
|a Passing dream
|
| 246 |
3 |
3 |
|a Silent love
|
| 260 |
|
|
|a Praha :
|b Happy Music,
|c p1994
|
| 300 |
|
|
|a 1 CD ;
|c 12 cm +
|e 1 složený list.
|
| 306 |
|
|
|a 004120
|
| 500 |
|
|
|a Durata [41:20]
|
| 500 |
|
|
|a Texty písní v doprovod. mater.
|
| 500 |
|
|
|a Nahr. neuv
|
| 505 |
2 |
|
|a Street man, Man in love, Wandering swallows ... [et al.]
|
| 653 |
0 |
|
|a country hudba
|
| 910 |
|
|
|a BOA001
|b CD-0004.277
|
| 964 |
|
|
|a Hudba country
|x CD
|
| 990 |
|
|
|a AV
|
| 996 |
6 |
|
|b 261H004334
|c CD-0004.277
|l MZK
|r Sklad / do 24 hodin
|n 0
|p p.v.
|w 000158202
|u 000010
|a 1
|e BOA001
|j MZK50
|s P
|